Datum a čas kvízu

32.5 Celkem bodů Celkový počet nahraných bodů na tomto kvízu bez doplňovacích otázek.
7. Pořadí na kvízu Konečné umístění týmu na tomto kvízu.

Zaznamenané odpovědi

# Otázka Odpověď Body Výsledky
1. V masce kterého zvířete naruši... gorily 1
2. Na co je podle šéfky pro zahra... A 1
3. Jakub Hrůša získal minulý týde... dirigent (hudební ředitel) 1
4. Firma Mattel uvedla na trh nov... C 1
5. Stáj formule 1 Red Bull minulý... Martin Šonka 0
6. Vaším úkolem v tématu bude odh... červenou, bílou 0.5
7. Teď se podíváme na domácí fotb... čtyři 0
8. Pojďme na hokej. Lev v logu BK... zelená 0
9. Na základě zobrazených barev l... Los Angeles Lakers 0
10. Které americké město oslavuje... Pittsburgh 0